000 00664nam a2200265Ia 4500
005 20260121170210.0
008 008 260114s9999 xx 000 0 eng d
020 _a9789402409703
037 _aEBOOK
040 _aCRL
040 _beng
040 _cCRL
041 _2eng
041 _aeng
084 _qCRL
100 _aElise Crull, Guido Bacciagaluppi
_91061000
245 0 _aGrete Hermann - Between Physics and Philosophy
260 _bSpringer
260 _bSpringer
260 _c2016
856 _uhttps://link.springer.com/openurl?genre=book&isbn=978-94-024-0970-3
942 _cEBOOK
999 _c1626729
_d1626729